| 000 | 00324nam a22001217a 4500 | ||
|---|---|---|---|
| 999 |
_c535054 _d535054 |
||
| 020 | _a978-1350046948 | ||
| 040 | _cMSOHAIL | ||
| 082 |
_a808.066378 _bBOT |
||
| 245 | _aWriting a Watertight Thesis: A Guide to Successful Structure and Defence | ||
| 260 |
_aBloomsbury Academic _cc2019 |
||
| 300 | _a185;p | ||
| 942 |
_2ddc _cBK |
||